TV Shows Within TV Shows Quiz Stats

 Plays Quiz Updated Jun 18, 2017

Challenge
Share
Tweet
Score 0/20 Timer 10:00
1 Play Today
% Correct
The Simpsons
91.2%
SpongeBob SquarePants
89.7%
Home Improvement
87%
Parks and Recreation
77.6%
Seinfeld
77%
Full House
75.8%
South Park
71.7%
BoJack Horseman
67.1%
Futurama
64.8%
Newhart
53.6%
% Correct
The Ren & Stimpy Show
51.6%
30 Rock
48.1%
Ugly Betty
45.7%
Supernatural
42.8%
Bob's Burgers
41.1%
Arrested Development
40%
Daria
35%
Entourage
28.1%
Psych
22.2%
The Good Wife
14.5%

You're not logged in!

Compare scores with friends on all Sporcle quizzes.
Join for Free
OR
Log In

You Might Also Like...

Show Comments

Extras

Top Quizzes Today


Score Distribution

Your Account Isn't Verified!

In order to create a playlist on Sporcle, you need to verify the email address you used during registration. Go to your Sporcle Settings to finish the process.

Report this User

Report this user for behavior that violates our Community Guidelines.

Details: